|
|
|
|
| LEADER |
01316nam a2200313 a 4500 |
| 001 |
13917781 |
| 008 |
120503s2005 enkab b 001 0 eng |
| 010 |
|
|
|a 2005045522
|
| 020 |
|
|
|a 9781403939821 (pbk.)
|
| 020 |
|
|
|a 1403939829 (pbk.)
|
| 040 |
|
|
|a DLC
|c DLC
|d DLC
|d BD-DhAAL
|
| 042 |
|
|
|a pcc
|
| 050 |
0 |
0 |
|a D421
|b .L69 2005
|
| 082 |
0 |
0 |
|a 909.82
|2 22
|
| 100 |
1 |
|
|a Lowe, Norman.
|
| 245 |
1 |
0 |
|a Mastering modern world history /
|c Norman Lowe.
|
| 250 |
|
|
|a 4th ed.
|
| 260 |
|
|
|a Houndmills, Basingstoke, Hampshire ;
|a New York :
|b Palgrave Macmillan,
|c 2005.
|
| 300 |
|
|
|a xxi, 642 p. :
|b ill., maps ;
|c 24 cm.
|
| 490 |
0 |
|
|a Palgrave master series
|
| 504 |
|
|
|a Includes bibliographical references (p. 615-625) and index.
|
| 541 |
|
|
|e 00025078
|
| 650 |
|
0 |
|a History, Modern
|y 20th century.
|
| 650 |
|
0 |
|a History, Modern
|y 21st century.
|
| 852 |
1 |
|
|a Ayesha Abed Library
|c General shelf.
|
| 942 |
0 |
0 |
|0 1
|
| 999 |
|
|
|c 12139
|d 12139
|
| 952 |
|
|
|0 0
|1 0
|2 ddc
|4 0
|6 909_820000000000000_LOW
|7 0
|9 20152
|a BRACUL
|b BRACUL
|c GEN
|d 2012-05-07
|e karim International
|g 2500.00
|l 4
|m 27
|o 909.82 LOW
|p 3010025079
|r 2019-03-04
|s 2018-10-25
|t 2
|w 2012-05-07
|y BK
|
| 952 |
|
|
|0 0
|1 0
|2 ddc
|4 0
|6 909_820000000000000_LOW
|7 0
|9 20153
|a BRACUL
|b BRACUL
|c GEN
|d 2012-05-07
|e karim International
|g 2500.00
|l 7
|m 20
|o 909.82 LOW
|p 3010025078
|r 2021-02-24
|s 2020-01-16
|t 1
|w 2012-05-07
|y BK
|